Rubberthottangalile aadine pattiyidal! (Record no. 68314)

MARC details
000 -LEADER
fixed length control field 00259nam a2200109Ia 4500
100 ## - MAIN ENTRY--AUTHOR NAME
Personal name Madhu C B
245 #0 - TITLE STATEMENT
Title Rubberthottangalile aadine pattiyidal!
260 ## - PUBLICATION, DISTRIBUTION, ETC. (IMPRINT)
Name of publisher Rubber
Year of publication 2013
300 ## - PHYSICAL DESCRIPTION
Number of Pages 22-23
942 ## - ADDED ENTRY ELEMENTS (KOHA)
Koha item type Journals
Holdings
Withdrawn status Lost status Damaged status Not for loan Home library Current library Date acquired Serial Enumeration / chronology Koha item type
      Journals RRII Library RRII Library 11/04/2014 Volume 567, Issue Journals